FNAF All Animatronics - Statistics

General Stats
  • This quiz has been taken 2,377 times
  • The average score is 49 of 77
Answer Stats
Hint Answer % Correct
Bonnie
99%
Chica
99%
Foxy
99%
FNAF 1 Freddy
99%
Golden Freddy
96%
Toy Bonnie
94%
Toy Chica
94%
FNAF 2 Toy Freddy
94%
Mangle
93%
Balloon Boy
89%
FNAF 3 Springtrap
89%
Nightmare
86%
Withered Bonnie
86%
Withered Chica
85%
Withered Freddy
85%
Withered Foxy
84%
Nightmare Chica
82%
FNAF 4 Nightmare Freddy
82%
Nightmare Freddy
82%
Marionette
81%
Nightmare Bonnie
81%
Ballora
80%
Funtime Freddy
80%
Phantom Freddy
80%
Funtime Foxy
79%
Nightmare Foxy
79%
FNAF: SL Circus Baby
78%
Phantom Chica
78%
Phantom Foxy
77%
Shadow Bonnie
77%
Easter Eggs / Secrets Shadow Freddy
76%
Phantom Balloon Boy
74%
Nightmare Fredbear
72%
Ennard
71%
Jack-O-Chica
70%
Phantom Mangle
69%
Halloween Update Jack-O-Bonnie
68%
Plushtrap
67%
JJ
66%
Nightmare Balloon Boy
66%
Withered Golden Freddy
66%
Bon-Bon
65%
Nightmare Mangle
65%
Phantom Marionette
65%
Rockstar Chica
65%
Rockstar Animatronics Rockstar Freddy
65%
Rockstar Bonnie
64%
Nightmarionne
63%
Rockstar Foxy
63%
Lefty
61%
Scrap Baby
58%
FNAF: PS Salvagers Molten Freddy
55%
Bonnet
54%
Lolbit
54%
Mr. Hippo
52%
Posh Pizzeria Animatronics Funtime Chica
51%
The Mediocre Melodies Happy Frog
50%
Yenndo
50%
Orville Elephant
44%
Pigpatch
43%
Nedd Bear
41%
Afton
39%
Minireenas
37%
El Chip
36%
Music Man
34%
Mr. Hugs
33%
Bidybabs
31%
Pan Stan
31%
No. 1 Crate
28%
The Trash Gang Bucket Bob
27%
Others Helpy
27%
Electrobabs
26%
Mr. Can-Do
25%
FNAFVR Spring Bonnie
20%
Candy Cadet
18%
Security Puppet
15%
Plushbaby
12%
No matching quizzes found
Score Distribution
Percent of People with Each Score
Percentile by Number Answered
Your Score History
You have not taken this quiz